[Event "ch-IRI 2012"]
[Site "Zahedan IRI"]
[Date "2012.12.10"]
[Round "6.4"]
[White "Nasri,A"]
[Black "Javanbakht,N"]
[Result "1/2-1/2"]
[WhiteElo "2304"]
[BlackElo "2406"]

1.Nf3 d5 2.g3 Bg4 3.Bg2 c6 4.O-O Nd7 5.d3 Ngf6 6.Nbd2 e5 7.e4 Bd6 8.Qe1 O-O
9.h3 Bh5 10.Nh4 Re8 11.Kh1 Qc7 12.Nf5 Bf8 13.Ne3 Bg6 14.f3 b5 15.h4 Nc5 16.Bh3 a5
17.Rf2 Ne6 18.Rh2 Rad8 19.Ndf1 h5 20.Bd2 b4 21.a4 c5 22.b3 Nd4 23.Bg2 c4
24.bxc4 dxc4 25.dxc4 Qc6 26.Qb1 Rb8 27.Be1 b3 28.c3 Ne6 29.Nd5 Qxc4 30.Nfe3 Qe2
31.Qd1 b2 32.Rb1 Qxd1 33.Nxf6+ gxf6 34.Nxd1 Red8 35.Nxb2 Ba3 36.Bf1 f5 37.Bb5 fxe4
38.Nc4 exf3 39.Ra1 Bd6 40.Nxa5 Be4 41.Kg1 Bc5+ 42.Bf2 Rdc8 43.Re1 f5 44.Bd7 Bxf2+
45.Rxf2 Nc5 46.Bxc8 Rxc8 47.Rd1 Nd3 48.Rxf3 Bxf3 49.Rxd3 e4 50.Re3 Ra8 51.Nc6 Rxa4
52.Ne7+ Kh7 53.Nxf5 Ra1+ 54.Kf2 Rd1 55.Nd4 Rd2+ 56.Ke1 Rd1+ 57.Kf2 Rd2+ 58.Kf1 Rd1+
59.Re1 Rd3 60.Nxf3 Rxf3+ 61.Kg2 Rxc3 62.Rxe4 Kg6 63.Re6+ Kg7 64.Kf2 Ra3 65.Re3 Ra4
66.Kf3 Kf6 67.Rd3 Rb4 68.Rd6+ Kg7 69.Re6 Ra4 70.Re4 Ra3+ 71.Kf4 Kf6 72.Rd4 Ra6
73.Rb4 Rc6 74.Ke4 Re6+ 75.Kf4 Ra6  1/2-1/2

[Event "Russia Cup Final 2012"]
[Site "Khanty-Mansiisk RUS"]
[Date "2012.12.11"]
[Round "4.2"]
[White "Khismatullin,D"]
[Black "Socko,B"]
[Result "1/2-1/2"]
[WhiteElo "2647"]
[BlackElo "2631"]

1.Nf3 d5 2.g3 Nf6 3.Bg2 c6 4.O-O Bg4 5.c4 e6 6.cxd5 exd5 7.Qb3 Qb6 8.Qc2 Nbd7
9.d3 Be7 10.Nc3 O-O 11.e4 dxe4 12.dxe4 Rfe8 13.h3 Bxf3 14.Bxf3 Rad8 15.Kh2 Bb4
16.Be3 Qa5 17.Rad1 Bxc3 18.bxc3 Nc5 19.Rxd8 Rxd8 20.Rd1 Re8 21.Rd4 Qc7 22.Rb4 Ncd7
23.Bg2 b6 24.Rd4 h6 25.Kg1 Nc5 26.Kh2 Qe7 27.f3 Nfd7 28.Bf2 Ne6 29.Rd1 Nec5
30.Rd4 Nf8 31.Qd1 Nce6 32.Rd6 Rd8 33.Rxd8 Nxd8 34.f4 f6 35.h4 g5 36.Bf1 Nf7
37.Bd3 Ne6 38.Bc2 Kf8 39.Qg4 h5 40.Qf3 gxf4 41.gxf4 Nh6 42.Qxh5 Qg7 43.Qf3 Ng4+
44.Kh3 Nxf2+ 45.Qxf2 f5 46.Qg3 Nxf4+ 47.Qxf4 Qxc3+ 48.Qg3 Qxc2 49.Qd6+ Kg7
50.Qe7+ Kg8 51.Qe8+ Kg7 52.Qe7+ Kg8 53.Qg5+ Kh8 54.Qh6+ Kg8 55.Qg6+ Kh8 56.exf5 c5
57.Qe8+ Kh7 58.Qe7+ Kh6 59.Qe6+ Kh7 60.Qe7+ Kh6 61.Qe3+ Kh7 62.Kg4 Qc4+ 63.Kg5 Qg8+
64.Kf4 Qd8 65.Kg4 Qd1+ 66.Qf3 Qxf3+ 67.Kxf3 c4 68.Ke4 b5 69.h5 c3 70.Kd3 b4
71.Ke4  1/2-1/2

[Event "1st Korbach GM"]
[Site "Korbach GER"]
[Date "2012.12.11"]
[Round "2.1"]
[White "Gutman,L"]
[Black "Lampert,J"]
[Result "1-0"]
[WhiteElo "2498"]
[BlackElo "2288"]

1.Nf3 d5 2.g3 Bg4 3.Bg2 Nd7 4.d4 Ngf6 5.O-O e6 6.c4 c6 7.Ne5 Nxe5 8.dxe5 Nd7
9.cxd5 exd5 10.h3 Bf5 11.f4 Qb6+ 12.Kh2 h5 13.Nc3 O-O-O 14.e4 dxe4 15.Qe2 Nc5
16.Be3 Qc7 17.Rac1 a6 18.Rfd1 Be7 19.Rxd8+ Qxd8 20.Rd1 Qc7 21.b4 Ne6 22.Na4 Bxb4
23.Nb6+ Kb8 24.Nd7+ Ka8 25.Bb6 Qc8 26.a3 Be7 27.Bf2 Qc7 28.Nb6+ Kb8 29.Rd7 Nxf4
30.Rxc7 Nxe2 31.Rxe7 Bg6 32.e6 fxe6 33.Nd7+ Ka8 34.Nc5 Nc3 35.Bd4 Nb5 36.Bxg7 Rd8
37.a4 e3 38.axb5 axb5 39.Rxe6 Re8 40.Rxg6 b4 41.Nd3 e2 42.Rxc6 Rd8 43.Ra6+  1-0

[Event "ch-IRI 2012"]
[Site "Zahedan IRI"]
[Date "2012.12.11"]
[Round "7.12"]
[White "Maghsoodloo,Parham"]
[Black "Lorparizangeneh,S"]
[Result "1/2-1/2"]
[WhiteElo "2030"]
[BlackElo "2190"]

1.Nf3 d5 2.g3 Nf6 3.Bg2 c6 4.d3 Bf5 5.Nbd2 h6 6.O-O e6 7.c3 Be7 8.a3 a5 9.b3 O-O
10.Bb2 Na6 11.b4 Nd7 12.e4 Bh7 13.Qe2 Bf6 14.Nb3 axb4 15.axb4 Qb6 16.e5 Be7
17.d4 Nc7 18.Rfc1 Nb5 19.Nfd2 Qc7 20.f4 Nb6 21.Na5 Rae8 22.Kh1 Bd8 23.h4 f6
24.Rf1 Qd7 25.Nab3 fxe5 26.Nc5 Qc8 27.fxe5 Be7 28.Bh3 Rxf1+ 29.Qxf1 Nc7 30.Ra7 Bxc5
31.dxc5 Nd7 32.c4 Rf8 33.Qe2 Bf5 34.Bg2 Bh7 35.Ra1 Qe8 36.h5 Rf5 37.g4 Rf4
38.Rf1 Qf7 39.Kh2 Rxf1 40.Qxf1 Qe7 41.Kg3 Na6 42.Bc3 Nc7 43.Qf4 Bd3 44.cxd5 exd5
45.Qe3 Bh7 46.Bf1 Ne6 47.Nf3 Qf8 48.Bh3 Be4 49.Nd4 Ng5 50.Ne2 Nxh3 51.Kxh3 Qf1+
52.Kh4 Nf8 53.Nf4 g5+ 54.hxg6 Qxf4 55.Qxf4 Nxg6+ 56.Kg3  1/2-1/2

[Event "III ITT JAHV McGREGOR"]
[Site "Bogota COL"]
[Date "2012.12.12"]
[Round "1.40"]
[White "Hurtado,F"]
[Black "Latorre,Franklin Leandro"]
[Result "1-0"]
[WhiteElo "2127"]
[BlackElo "1993"]

1.Nf3 d5 2.g3 Nf6 3.Bg2 e6 4.d3 c5 5.O-O Nc6 6.Nbd2 Bd6 7.e4 O-O 8.Nh4 Re8
9.f4 dxe4 10.dxe4 e5 11.Nc4 Bc7 12.Qxd8 Rxd8 13.c3 Bg4 14.Ne3 Be2 15.Re1 Bd3
16.Nd5 Nxd5 17.exd5 Ne7 18.fxe5 Nxd5 19.Bg5 f6 20.exf6 gxf6 21.Bh6 c4 22.Re6 Kf7
23.Rae1 Be5 24.R6xe5 fxe5 25.Rxe5 Nf6 26.Rb5 Rd7 27.Nf3 Re8 28.h3 Kg6 29.Bf4 Rde7
30.Ne5+ Kg7 31.Bxb7 Rb8 32.Bc6 Rxb5 33.Bxb5 Rb7 34.Bxc4 Bxc4 35.Nxc4 Nd5
36.Be5+ Kf8 37.Kf2 a5 38.a4 Ke7 39.Bd6+ Ke6 40.Ba3 Rf7+ 41.Ke2 Rg7 42.Kf2 Rf7+
43.Kg2 Rc7 44.Nxa5 Ra7 45.Nb3 Ne3+ 46.Kf3 Nc4 47.Nd4+ Kd5 48.Nb5 Rf7+ 49.Ke2 Nxa3
50.Nxa3 Ra7 51.b3 Ke4 52.Nc4 Rg7 53.Nd2+ Kd5 54.g4 h5 55.gxh5 Rg2+ 56.Kd3 Rg3+
57.Kc2 Rxh3 58.b4 Rh2 59.a5 Kc6 60.c4 Rxh5 61.Kc3 Rh3+ 62.Kd4 Rh1 63.b5+ Kc7
64.Kc5 Rh5+ 65.Kb4 Rh2 66.Ne4 Rb2+ 67.Kc5 Re2 68.Nc3 Rb2 69.Nd5+ Kb8 70.Kb6 Rc2
71.c5 Re2 72.c6 Re6 73.a6  1-0

[Event "III ITT JAHV McGREGOR"]
[Site "Bogota COL"]
[Date "2012.12.12"]
[Round "2.71"]
[White "Perez Rodriguez,Juan Carlos"]
[Black "Bohorquez,Jorge"]
[Result "1-0"]
[WhiteElo "1957"]
[BlackElo "1601"]

1.Nf3 d5 2.g3 Nc6 3.d4 Bg4 4.Bg2 Nf6 5.Nbd2 e6 6.O-O Be7 7.c3 Qd7 8.Ne5 Nxe5
9.dxe5 Ng8 10.Qe1 f6 11.f4 f5 12.Nb3 Qb5 13.Nd4 Qb6 14.Be3 c5 15.Nb3 Qb5
16.Rf2 Rc8 17.Rc1 c4 18.Nd4 Qb6 19.b3 Ba3 20.Rb1 Qa6 21.b4 Ne7 22.h3 Bh5
23.Rf1 O-O 24.Qf2 Kf7 25.Bf3 Bg6 26.Qg2 b5 27.h4 Nc6 28.Nxe6 Kxe6 29.Bxd5+ Kd7
30.Rfd1 Ke8 31.Be6 Rd8 32.Rd6 Rxd6 33.exd6 Rf6 34.Qd5 Nd8 35.d7+  1-0

[Event "IX Regina Helena Marques Prol"]
[Site "Santos BRA"]
[Date "2012.12.12"]
[Round "4.3"]
[White "Gallo Ponce,E"]
[Black "Abdalla,L"]
[Result "1/2-1/2"]
[WhiteElo "2248"]
[BlackElo "2322"]

1.Nf3 d5 2.g3 Nf6 3.Bg2 c6 4.b3 Bf5 5.Bb2 e6 6.d3 h6 7.O-O Be7 8.Nbd2 O-O
9.c4 a5 10.a3 Re8 11.Qc2 Bh7 12.Rac1 Na6 13.Qb1 Bf8 14.Qa1 Nd7 15.Rfe1 Rc8
16.Ne5 Nxe5 17.Bxe5 Nc5 18.Bc3 b5 19.cxb5 cxb5 20.Bd4 Qd7 21.Bc3 Qa7 22.Bd4 Qa6
23.Bf1 Nd7 24.Bh3 Qd6 25.Bb2 Bg6 26.Rxc8 Rxc8 27.Rc1 Rc6 28.Rxc6 Qxc6 29.Qc1 Qxc1+
30.Bxc1 b4 31.a4 Bd6 32.Bb2 Kf8 33.Kf1 Be5 34.Bxe5 Nxe5 35.f4 Nd7 36.Kf2 Ke7
37.e4 Nc5 38.Ke3 Kd6 39.f5 Bh7 40.e5+ Ke7 41.Kd4 Nd7 42.fxe6 fxe6 43.Nf3 Bg6
44.Nh4 Bh7 45.Bf1 g5 46.Ng2 Kd8 47.Ne3 h5 48.h4 g4 49.Ng2 Bg6 50.Nf4 Bf7
51.Bg2 Kc7 52.Bxd5 exd5 53.e6 Bxe6 54.Nxe6+ Kd6 55.Ng7 Nc5 56.Nf5+ Kc6 57.Ne7+ Kd6
58.Nf5+ Kc6 59.Ne7+ Kd6 60.Nc8+ Kc6 61.Na7+ Kb6 62.Kxd5 Nxb3 63.Nb5 Nc5 64.Nd6 Nxd3
65.Nc4+ Ka6 66.Kd4 Nc1 67.Ke3 Na2 68.Kf4 Nc3 69.Kg5 Nxa4 70.Kxh5 Nb6 71.Nd2 a4
72.Kg6 Nd7 73.h5 b3 74.Nb1 Kb5 75.h6 Kb4 76.Kg7 a3 77.Nxa3 Kxa3 78.h7 b2
79.h8=Q b1=Q 80.Qa8+ Kb2 81.Qb7+ Kc2 82.Qxd7 Qb4 83.Kg6 Kc3 84.Kg5 Qc4 85.Qf5 Qg8+
86.Kf4 Qc4+ 87.Qe4 Qg8 88.Qe3+ Kc4 89.Qe2+ Kc5 90.Qxg4 Qb8+ 91.Kf3 Qb3+ 92.Kg2 Kd6
93.Qg6+ Ke7 94.Kh3 Kf8 95.Qf5+ Kg7 96.Qg4+ Kh6 97.Qf4+ Kg6 98.Kh4 Qd5 99.Qg4+ Kh6
100.Qf4+ Kg6  1/2-1/2

[Event "III ITT JAHV McGREGOR"]
[Site "Bogota COL"]
[Date "2012.12.13"]
[Round "3.38"]
[White "Valle,E"]
[Black "Puentes,Gabriel Francisco"]
[Result "1-0"]
[WhiteElo "2215"]
[BlackElo "1892"]

1.Nf3 d5 2.g3 Nf6 3.Bg2 e6 4.c4 c6 5.Qc2 Be7 6.O-O Nbd7 7.a3 O-O 8.d3 Re8
9.Nc3 Bf8 10.e4 dxe4 11.dxe4 e5 12.Rd1 Qe7 13.Nh4 g6 14.Bg5 Bg7 15.h3 Nf8
16.Be3 Be6 17.c5 Rad8 18.Nf3 N8d7 19.b4 Nh5 20.Rd6 h6 21.Qd2 Kh7 22.Rd1 f5
23.Bg5 Bf6 24.Bxf6 Qxf6 25.exf5 gxf5 26.Nh4 Qg5 27.Qxg5 hxg5 28.Nf3 Bd5 29.Nxg5+ Kg8
30.Nxd5 e4 31.Nc7 Re7 32.Rg6+ Ng7 33.Bf1 Rf8 34.Bc4+ Ref7 35.Rxd7  1-0

[Event "1st Korbach GM"]
[Site "Korbach GER"]
[Date "2012.12.13"]
[Round "6.3"]
[White "Czebe,A"]
[Black "Lampert,J"]
[Result "1-0"]
[WhiteElo "2481"]
[BlackElo "2288"]

1.Nf3 d5 2.g3 Bg4 3.Bg2 Nd7 4.h3 Bh5 5.O-O c6 6.d3 e5 7.e4 Ngf6 8.Qe1 dxe4
9.dxe4 Bd6 10.Nh4 O-O 11.Nf5 Bc5 12.b4 Bb6 13.Na3 Ne8 14.Nc4 Bc7 15.a4 a6
16.Ba3 b5 17.Na5 Bxa5 18.bxa5 c5 19.g4 Bg6 20.Rd1 b4 21.Bb2 Qc7 22.f4 exf4
23.e5 Ra7 24.Rxf4 c4 25.Ne7+ Kh8 26.Qxb4 Bxc2 27.Rxd7 Qxd7 28.Ng6+ hxg6 29.Qxf8+ Kh7
30.g5 Bd1 31.Rd4 Qxa4 32.e6 f5 33.e7 Qb4 34.Rh4+ Bh5 35.Rxh5+ gxh5 36.Qxf5+  1-0

[Event "4th Penang Heritage City Open"]
[Site "Penang MAS"]
[Date "2012.12.13"]
[Round "5.43"]
[White "Lum,Zhun Hoong"]
[Black "Tin,Ruiqi"]
[Result "1-0"]
[WhiteElo "1740"]
[BlackElo "1569"]

1.Nf3 d5 2.g3 Bg4 3.Bg2 Nd7 4.O-O e5 5.d4 e4 6.Ne5 Bh5 7.c4 Nxe5 8.dxe5 c6
9.cxd5 cxd5 10.Nc3 Ne7 11.Qb3 Qb6 12.Qxb6 axb6 13.Rd1 Rd8 14.Bg5 h6 15.Bxe7 Bxe7
16.Rxd5 Rxd5 17.Nxd5 Bxe2 18.Rc1 Bd8 19.Bxe4 O-O 20.Nc3 Bg4 21.Bxb7 Be7 22.Bg2 Rd8
23.Rc2 Bb4 24.h3 Bf5 25.Be4 Bxc3 26.Bxf5 Bxe5 27.Kf1 Kf8 28.Bg4 Ke7 29.Re2 Kd6
30.Rd2+ Ke7 31.Rc2 Kd6 32.a4 Ra8 33.b3 Rd8 34.Bf3 Rd7 35.Rc6+ Ke7 36.Rxb6 Ra7
37.Ke2 Bc7 38.Rb5 Ra5 39.Rb7 Kd6 40.Be4 g6 41.f3 Re5 42.Kd2 f5 43.Bd3 Ra5
44.f4 Kc6 45.Rb4 Rc5 46.Bb5+ Kd6 47.Rd4+ Rd5 48.Kd3 Ba5 49.Kc4 Rxd4+ 50.Kxd4 Be1
51.Be8 Bxg3 52.Bxg6 Ke6 53.Ke3 Be1 54.Bh7 Kf6 55.Bg8 Ke7 56.Kd4 Bd2 57.Ke5 Bc3+
58.Kxf5 Kf8 59.Bc4 Kg7 60.Ke6 Kg6  1-0

[Event "III ITT JAHV McGREGOR"]
[Site "Bogota COL"]
[Date "2012.12.14"]
[Round "4.79"]
[White "Perez Rodriguez,Juan Carlos"]
[Black "Silva Suna,Juan Esteban"]
[Result "1-0"]
[WhiteElo "1957"]
[BlackElo "1733"]

1.Nf3 d5 2.g3 c5 3.Bg2 Nc6 4.O-O e6 5.d3 Nf6 6.Nbd2 Be7 7.e4 dxe4 8.dxe4 e5
9.c3 O-O 10.h3 b6 11.Qa4 Bb7 12.Re1 Re8 13.Nc4 Bf8 14.Bg5 a6 15.Rad1 Qc7
16.Qc2 Be7 17.Ne3 h6 18.Bxf6 Bxf6 19.Nd5 Qd8 20.Nh2 Be7 21.Ng4 b5 22.Ndf6+ Bxf6
23.Rxd8 Bxd8 24.Ne3 Bb6 25.Nd5 Bd8 26.Qe2 Ne7 27.Qg4 Bc8 28.Qh5 Ng6 29.Rd1 Nf8
30.f4 Nh7 31.fxe5 g6 32.Qxh6 Bg5 33.Nf6+ Bxf6 34.exf6 Nxf6 35.e5 Rxe5 36.Bxa8  1-0

[Event "4th Penang Heritage City Open"]
[Site "Penang MAS"]
[Date "2012.12.14"]
[Round "7.27"]
[White "Lum,Zhun Hoong"]
[Black "Ismail,Ah"]
[Result "0-1"]
[WhiteElo "1740"]
[BlackElo "2054"]

1.Nf3 d5 2.g3 Bf5 3.Bg2 c6 4.O-O Nd7 5.d3 e6 6.Nbd2 Ngf6 7.b3 Bc5 8.Bb2 O-O
9.Qe1 h6 10.e4 dxe4 11.dxe4 Bh7 12.Qe2 Qb6 13.c4 Rfd8 14.h3 a5 15.a4 Nh5
16.Kh2 Ndf6 17.Ba3 Bxa3 18.Rxa3 e5 19.Ra2 Qc5 20.Nh4 g5 21.Nf5 Bxf5 22.exf5 Rd7
23.Ne4 Qe7 24.Nxf6+ Nxf6 25.Re1 Re8 26.Rd2 Qb4 27.Rxd7 Nxd7 28.Rd1 Nf6 29.Qb2 Qc5
30.f4 Qe3 31.fxe5 Rxe5 32.Qc2 Qc5 33.g4 Re3 34.Qb2 Qe7 35.Qd2 Qe5+ 36.Kh1 Rxb3
37.Re1 Qg3 38.Rd1 Re3 39.Rg1 Nxg4  0-1

[Event "Amplico ch-EUR Blitz"]
[Site "Warsaw POL"]
[Date "2012.12.14"]
[Round "5.1"]
[White "Petrosian,TL"]
[Black "Naiditsch,A"]
[Result "1-0"]
[WhiteElo "2648"]
[BlackElo "2708"]

1.Nf3 d5 2.g3 Nf6 3.Bg2 Bf5 4.c4 e6 5.Qb3 Na6 6.d3 Nc5 7.Qc2 c6 8.O-O Be7
9.Be3 Ncd7 10.Qb3 Qc8 11.cxd5 exd5 12.Nc3 O-O 13.Rac1 Qb8 14.Bf4 Bd6 15.Bxd6 Qxd6
16.Nd4 Bg4 17.Qxb7 c5 18.Qc6 Qxc6 19.Nxc6 Rfe8 20.f3 Be6 21.f4 Nb6 22.e4 dxe4
23.dxe4 Ng4 24.Rfe1 Nc4 25.b3 Nb6 26.h3 Nf6 27.Nb5 Rac8 28.Ncxa7 Rcd8 29.Nc7 Re7
30.Nc6 Rxc7 31.Nxd8 Bd7 32.Red1 Kf8 33.e5 Nh5 34.Kf2 g5 35.fxg5 Ke7 36.Nb7 c4
37.Nd6 Ra7 38.Rd2 cxb3 39.axb3 Ra5 40.Rc7 Rxe5 41.Nc8+ Kd8 42.Nxb6 Kxc7 43.Nxd7 Rf5+
44.Bf3  1-0

[Event "Amplico ch-EUR Blitz"]
[Site "Warsaw POL"]
[Date "2012.12.14"]
[Round "7.1"]
[White "Petrosian,TL"]
[Black "Erdos,V"]
[Result "1-0"]
[WhiteElo "2648"]
[BlackElo "2640"]

1.Nf3 d5 2.g3 g6 3.Bg2 Bg7 4.c4 Nf6 5.cxd5 Nxd5 6.Nc3 O-O 7.O-O c5 8.Qb3 Nb6
9.d3 Nc6 10.Be3 Nd4 11.Bxd4 cxd4 12.Ne4 Be6 13.Qa3 Bd5 14.Rac1 Bxe4 15.dxe4 Qd7
16.e5 Qb5 17.Nxd4 Qxe5 18.e3 Nd5 19.Rc5 e6 20.Bxd5 exd5 21.Qb3 Qe7 22.Rxd5 Rfd8
23.Rd1 Qe4 24.Nc6 Rxd5 25.Qxd5 Qxd5 26.Ne7+ Kf8 27.Nxd5 Rc8 28.b3 Rc2 29.Nb4 Rb2
30.Rd8+ Ke7 31.Rb8 a5 32.Rxb7+ Ke6 33.Rb6+ Kf5 34.Nd3 Rxa2 35.Kg2 Bc3 36.Kf3 h5
37.h4  1-0

[Event "Amplico ch-EUR Blitz"]
[Site "Warsaw POL"]
[Date "2012.12.14"]
[Round "9.2"]
[White "Petrosian,TL"]
[Black "Dreev,A"]
[Result "0-1"]
[WhiteElo "2648"]
[BlackElo "2654"]

1.Nf3 d5 2.g3 c6 3.Bg2 Bg4 4.c4 e6 5.O-O Nd7 6.cxd5 exd5 7.Qb3 Nc5 8.Qc2 Nf6
9.b4 Bxf3 10.Bxf3 Ne6 11.Qb2 Qb6 12.a3 Nd4 13.Qc3 Be7 14.Bb2 Nxf3+ 15.Qxf3 a5
16.Nc3 axb4 17.axb4 O-O 18.b5 d4 19.Rxa8 Rxa8 20.Ne4 Rd8 21.Ba3 Nxe4 22.Bxe7 Nxd2
23.Qg4 Nxf1 24.Bf6 g6 25.Qf4 cxb5 26.Bxd8 Qxd8 27.Kxf1 Qd5 28.f3 Kg7 29.Qd2 Qc5
30.g4 b4 31.Qd3 Qc1+ 32.Kg2 Qe3 33.Qb5 b3 34.g5 h6 35.h4 hxg5 36.hxg5 b6
37.Kh3 Qe6+ 38.Kg2 Qf5 39.Qxb3 Qxg5+ 40.Kf1 Qc1+ 41.Kg2 Qc5 42.Qa4 b5 43.Qa6 b4
44.Qb7 Qc3 45.Qb5 d3 46.exd3 b3 47.d4 b2 48.Qe5+ Kg8 49.Qb8+ Kh7 50.Qh2+ Kg7
51.Qe5+ Kf8 52.Qb8+ Ke7 53.Qb7+ Kd6 54.Kg3 Qxd4 55.Qb8+ Kd5  0-1

[Event "ch-IRI 2012"]
[Site "Zahedan IRI"]
[Date "2012.12.14"]
[Round "10.3"]
[White "Kowsarinia,A"]
[Black "Asgarizadeh,A"]
[Result "0-1"]
[WhiteElo "2289"]
[BlackElo "2171"]

1.Nf3 d5 2.g3 c6 3.Bg2 Bg4 4.O-O Nd7 5.d4 e6 6.c4 Bd6 7.Nbd2 Ngf6 8.h3 Bh5
9.Re1 O-O 10.e4 dxe4 11.Nxe4 Nxe4 12.Rxe4 Nf6 13.Re1 Bb4 14.Re2 a5 15.g4 Bg6
16.Ne5 Bd6 17.Bf4 Qe7 18.Qb3 Rfd8 19.Rae1 Bb4 20.Rd1 a4 21.Qf3 Nd7 22.Nxg6 hxg6
23.Qg3 Nf8 24.d5 cxd5 25.cxd5 Bd6 26.Rc1 Bxf4 27.Qxf4 g5 28.Qe4 Qf6 29.d6 Rxd6
30.Qxb7 Rad8 31.Qf3 Rd1+ 32.Rxd1 Rxd1+ 33.Kh2 Qd8 34.Rc2 Rd3 35.Qc6 Qd4 36.Qc7 Ng6
37.Qb8+ Kh7 38.Re2 Nf4 39.Rc2 Nxg2 40.Kxg2 Qe4+ 41.Kh2 Rd1  0-1

[Event "SportAccord Rapid Men 2012"]
[Site "Beijing CHN"]
[Date "2012.12.15"]
[Round "7.1"]
[White "Nakamura,Hi"]
[Black "Morozevich,A"]
[Result "1-0"]
[WhiteElo "2760"]
[BlackElo "2748"]

1.Nf3 d5 2.g3 c6 3.Bg2 Bg4 4.d3 e6 5.O-O Nf6 6.Nbd2 Be7 7.h3 Bh5 8.g4 Bg6
9.Nh4 Nbd7 10.e3 Bd6 11.f4 Ng8 12.Qe1 Ne7 13.e4 dxe4 14.f5 exf5 15.gxf5 Bh5
16.Nxe4 Nf6 17.Nxd6+ Qxd6 18.Bf4 Qd7 19.Qg3 O-O-O 20.Be5 Ne8 21.Qf2 f6 22.Bg3 Qd4
23.Rae1 Qxf2+ 24.Bxf2 Rd7 25.Bxa7 Nd6 26.Bc5 Kc7 27.Rf4 Ndc8 28.a4 b6 29.Bf2 Re8
30.Rfe4 Kd8 31.Rc4 Rc7 32.b4 Bf7 33.Rd4+ Rd7 34.Rxd7+ Kxd7 35.c4 b5 36.cxb5 cxb5
37.axb5 Bd5 38.b6 Bxg2 39.Kxg2 Nd6 40.Bc5 Rb8 41.Ra1 Nec8 42.Ra6 Rb7 43.Nf3 Nxf5
44.Nd2 Nfe7 45.Ra7 Nxa7 46.bxa7 Rxa7 47.Bxa7 Nd5 48.Bc5 Nf4+ 49.Kf3 Nxd3
50.Ke4 Ne5 51.b5 Nf7 52.Kd5 Ng5 53.b6  1-0

[Event "SportAccord Rapid Men 2012"]
[Site "Beijing CHN"]
[Date "2012.12.15"]
[Round "7.3"]
[White "Karjakin,Sergey"]
[Black "Fressinet,L"]
[Result "0-1"]
[WhiteElo "2775"]
[BlackElo "2700"]

1.Nf3 d5 2.g3 c6 3.Bg2 Bg4 4.c4 e6 5.O-O Nf6 6.cxd5 Bxf3 7.Bxf3 cxd5 8.d4 Nc6
9.Nc3 Be7 10.e3 O-O 11.Bd2 Rc8 12.Qe2 Nd7 13.Rfc1 Nb6 14.Be1 Qd7 15.h4 a6
16.h5 Rc7 17.Qd1 Rfc8 18.Ne2 Nc4 19.b3 Nd6 20.Nf4 Ne8 21.Nd3 Ba3 22.Rcb1 Bf8
23.b4 Nd6 24.Nc5 Qe8 25.a4 Nc4 26.Be2 Nb8 27.e4 b6 28.exd5 exd5 29.Nd3 Nc6
30.Nf4 Ne7 31.b5 a5 32.Bf3 Rd8 33.Ra2 Qd7 34.Rc1 g6 35.Qe2 Rdc8 36.Rd1 Bh6
37.Nd3 Bg7 38.Bg4 Nf5 39.Qf1 Re8 40.Qh3 Ncd6 41.Nf4 Rc4 42.h6 Bh8 43.Ne2 Qc7
44.Bd2 Nxd4 45.Nf4 f5 46.Bh5 Qf7 47.g4 gxh5 48.gxh5 Ne2+ 49.Nxe2 Rxe2 50.Kf1 Re6
51.Qg2+ Rg4 52.Qxd5 Re8 53.Bc1 Qxd5 54.Rxd5 Rd4 55.Rd2 Rxd2 56.Bxd2 Nc4 57.Bg5 Be5
58.Bc1 f4 59.Kg2 Kf7 60.Rd7+ Re7 61.Rd8 Kf6 62.Rg8 Kf5 63.Kf3 Bd6 64.Rf8+ Kg5
65.Bxf4+ Bxf4 66.Rxf4 Nd2+ 67.Kg3 Ne4+ 68.Kf3 Nf6 69.Rc4 Re6 70.Rc6 Rxc6
71.bxc6 Ne8 72.Ke4 Kxh5 73.Ke5 Kxh6 74.Ke6 Nc7+ 75.Kd7 Na6 76.Kc8 Nb4 77.Kb7 Nxc6
78.Kxc6 Kg5 79.Kd5 Kf4  0-1

[Event "XXII Elgoibar Masters"]
[Site "Elgoibar ESP"]
[Date "2012.12.15"]
[Round "6.4"]
[White "Gonzalez de la Torre,S"]
[Black "Batsiashvili,N"]
[Result "1/2-1/2"]
[WhiteElo "2435"]
[BlackElo "2425"]

1.Nf3 d5 2.g3 Nf6 3.Bg2 e6 4.O-O Be7 5.d3 c5 6.Nbd2 Nc6 7.e4 b6 8.Re1 Bb7
9.c3 h6 10.a3 O-O 11.e5 Nd7 12.d4 b5 13.dxc5 Nxc5 14.Nb3 a5 15.Nxc5 Bxc5
16.Nd4 Qb6 17.Qg4 h5 18.Qxh5 Nxd4 19.cxd4 Bxd4 20.Be3 Bxe3 21.Rxe3 d4 22.Rd3 Bxg2
23.Kxg2 Rad8 24.g4 f6 25.Rh3 Qc6+ 26.Kg1 Qd5 27.Qh7+ Kf7 28.exf6 Kxf6 29.Qd3 g6
30.Rd1 e5 31.f3 Kg7 32.Qd2 Rh8 33.Rxh8 Rxh8 34.Qg5 Re8 35.Rc1 Qd6 36.Qd2 e4
37.Qxa5 exf3 38.Qc7+ Qxc7 39.Rxc7+ Kf6 40.Kf2 Re3 41.Rc5 Rb3 42.h4 Rxb2+  1/2-1/2

[Event "Malmo Open"]
[Site "Malmo SWE"]
[Date "2012.12.15"]
[Round "2"]
[White "Matthiesen,A"]
[Black "Hector,J"]
[Result "0-1"]
[WhiteElo "2345"]
[BlackElo "2539"]

1.Nf3 d5 2.g3 Nc6 3.d4 Bg4 4.Bg2 e6 5.O-O Be7 6.Nbd2 Nf6 7.c3 h6 8.Re1 Bf5
9.Qb3 Rb8 10.Ne5 Nxe5 11.dxe5 Nd7 12.e4 dxe4 13.Nxe4 O-O 14.Be3 b6 15.Rad1 Qc8
16.f4 Rd8 17.Qc4 b5 18.Qe2 a5 19.Bd4 b4 20.g4 Bh7 21.Qf2 Nb6 22.Nc5 Bxc5
23.Bxc5 bxc3 24.bxc3 Na4 25.Ba7 Rb2 26.Qh4 Rbd2 27.Rxd2 Rxd2 28.Bd4 c5 29.Be3 Rd3
30.c4 Nc3 31.Qe7 Ne4 32.Qa7 Qd8 33.Bf1 Rd7 34.Qa6 Bg6 35.f5 exf5 36.e6 Rd6
37.exf7+ Bxf7 38.Qa7 Qh4 39.Qxa5 Qxg4+ 40.Kh1 Rd2  0-1

[Event "Malmo Open"]
[Site "Malmo SWE"]
[Date "2012.12.15"]
[Round "5"]
[White "Fries Nielsen,NJ"]
[Black "Lindberg,Be"]
[Result "1/2-1/2"]
[WhiteElo "2296"]
[BlackElo "2432"]

1.Nf3 d5 2.g3 Nf6 3.Bg2 c6 4.O-O Bg4 5.Ne5 Bh5 6.d4 e6 7.c4 Nbd7 8.Nc3 Nxe5
9.dxe5 Nd7 10.cxd5 cxd5 11.f4 Bc5+ 12.Kh1 a6 13.h3 O-O 14.Kh2 Bg6 15.e4 dxe4
16.Nxe4  1/2-1/2

[Event "4th Penang Heritage City Open"]
[Site "Penang MAS"]
[Date "2012.12.15"]
[Round "9.28"]
[White "Lum,Zhun Hoong"]
[Black "Ramakrishnan,Ramesh"]
[Result "1-0"]
[WhiteElo "1740"]
[BlackElo "1894"]

1.Nf3 d5 2.g3 c5 3.Bg2 Nc6 4.O-O e5 5.c4 d4 6.e3 Be6 7.exd4 cxd4 8.d3 h6
9.Re1 Bd6 10.c5 Bc7 11.Qa4 Kf8 12.Nbd2 Bf5 13.Nc4 f6 14.Nh4 Bxd3 15.Qb3 Bc2
16.Qxc2 Nge7 17.Ng6+ Nxg6 18.Qxg6 Qe8 19.Qxe8+ Rxe8 20.f4 g6 21.Bxc6 bxc6
22.fxe5 fxe5 23.Nd6 Bxd6 24.cxd6 Kf7 25.Bd2 Ke6 26.Bb4 Rd8 27.Rac1 Rxd6 28.Bxd6 Kxd6
29.Rf1 c5 30.Rf6+ Kd5 31.Kf2 e4 32.b3 a5 33.Rf7 Ke6 34.Rc7 Rf8+ 35.Ke1 e3
36.R1xc5 d3 37.R7c6+ Kd7 38.Rc7+ Ke6 39.R7c6+ Kd7 40.Rc4 d2+ 41.Ke2 Rf2+
42.Kxe3 d1=Q 43.Kxf2 Qd2+ 44.Kf3 Qd3+ 45.Kf4 Qf5+ 46.Ke3 Qe5+ 47.Kd3 Qd5+
48.Rd4 Kxc6 49.Rxd5 Kxd5 50.h4 Kc5 51.a3  1-0

[Event "ch-CZE Blitz 2012"]
[Site "Prague CZE"]
[Date "2012.12.15"]
[Round "7.1"]
[White "Laznicka,V"]
[Black "Jirovsky,M"]
[Result "1-0"]
[WhiteElo "2674"]
[BlackElo "2453"]

1.Nf3 d5 2.g3 c6 3.Bg2 Bg4 4.d3 Nd7 5.O-O e6 6.c4 Ngf6 7.cxd5 cxd5 8.Qa4 Bd6
9.Nc3 O-O 10.Bg5 h6 11.Qxg4 Nxg4 12.Bxd8 Rfxd8 13.Rfc1 Bc5 14.d4 Bb6 15.Na4 Rac8
16.e3 Ngf6 17.b4 Ne4 18.Bf1 Nd6 19.Nc5 Rc7 20.Nd2 a5 21.a3 Rdc8 22.Ndb3 axb4
23.axb4 Nf6 24.Ra2 Nde4 25.Rca1 g5 26.Bd3 Nd6 27.Kg2 g4 28.h3 h5 29.hxg4 hxg4
30.Rh1 Kg7 31.Rha1 Rh8 32.Ra8 Rcc8 33.Rxc8 Rxc8 34.Na5 Rc7 35.Ra2 Kh6 36.Rc2 Kg7
37.Ncxb7 Nxb7 38.Rxc7 Nxa5 39.Rc8 Nc4 40.Bxc4 dxc4 41.Rxc4 Kf8 42.Rc6 Nd7
43.Kf1 Ke7 44.Ke2 f5 45.Kd3 Bd8 46.Kc4 Nb6+ 47.Kb3 Nd5 48.Ka4 Kd7 49.b5 Nb6+
50.Ka5 Nd5+ 51.Ka4 Nb6+ 52.Kb3 Nd5 53.Rc1 Kd6 54.Kc4 Nb6+ 55.Kb4 Kd7 56.Rh1 Nd5+
57.Kc4 Bb6 58.Rh7+ Kd6 59.Rb7 Bc7 60.Ra7 Nb6+ 61.Kb3 Nd5 62.Ra6+ Bb6 63.Kc4 Kd7
64.Ra1 Bc7 65.Kd3 Kd6 66.Rb1 Bb6 67.Rb3 Ba5 68.e4 Nb4+ 69.Kc4 Nc2 70.b6 fxe4
71.b7 Bc7 72.b8=Q Bxb8 73.Rxb8 e3 74.fxe3 Nxe3+ 75.Kd3 Nf5 76.Rg8 Nxg3 77.Rxg4 Nf5
78.Ke4 Ne7 79.Rg7 Nd5 80.Ra7 Nc3+ 81.Kf4 Nb5 82.Ra6+ Kd5 83.Ra5 Kc4 84.Ke5 Kb4
85.Rxb5+ Kxb5 86.Kxe6  1-0

[Event "Amplico ch-EUR Rapid"]
[Site "Warsaw POL"]
[Date "2012.12.15"]
[Round "2.39"]
[White "Markowski,T"]
[Black "Grochulski,G"]
[Result "1/2-1/2"]
[WhiteElo "2558"]
[BlackElo "2067"]

1.g3 d5 2.Nf3 Nf6 3.Bg2 Bf5 4.O-O h6 5.c4 c6 6.d3 e6 7.Qb3 Qb6 8.Qc2 Be7
9.cxd5 exd5 10.Nc3 O-O 11.e4 dxe4 12.dxe4 Bh7 13.Be3 Qa5 14.h3 Nbd7 15.Rfd1 Rad8
16.a3 a6 17.b4 Qc7 18.Bf4 Qc8 19.Rac1 Rfe8 20.Nd2 g5 21.Be3 Ne5 22.Na4 Qe6
23.Rb1 Rd3 24.Bc5 Rxa3 25.Bxe7 Ra2 26.Qc3 Rxa4 27.Bxf6 Qxf6  1/2-1/2

[Event "Amplico ch-EUR Rapid"]
[Site "Warsaw POL"]
[Date "2012.12.15"]
[Round "4.41"]
[White "Markowski,T"]
[Black "Licznerski,L"]
[Result "1-0"]
[WhiteElo "2558"]
[BlackElo "2321"]

1.g3 d5 2.Nf3 Nf6 3.Bg2 Bg4 4.O-O Nbd7 5.d3 e6 6.c4 c6 7.cxd5 exd5 8.Nc3 Be7
9.Qc2 O-O 10.e4 Qa5 11.h3 Bxf3 12.Bxf3 dxe4 13.dxe4 Rfe8 14.Bg2 Ne5 15.Bf4 Nh5
16.Be3 Bc5 17.Rfe1 Bxe3 18.Rxe3 Rad8 19.Qe2 g6 20.f4 Nd7 21.e5 Nb6 22.Kh2 Kh8
23.Re1 Ng7 24.Ne4 Qxa2 25.Ra3 Qc4 26.Rxa7 Qxe2 27.Rxe2 Re7 28.Nc5 Rb8 29.Re3 Ne6
30.Nxe6 fxe6 31.Rc3 Nd5 32.Rb3 b5 33.Ra6 Rc7 34.h4 Kg7 35.Rba3 Rb6 36.Ra8 c5
37.Re8 c4 38.Raa8 Ne7 39.Rab8 Rxb8 40.Rxb8 Rc5 41.Rb7 Kf8 42.Be4 Kf7 43.h5 gxh5
44.Bxh7 Ke8 45.Be4 Kd8 46.Kh3 Nd5 47.Kh4 b4 48.Bxd5 exd5 49.Rxb4 d4 50.b3 d3
51.bxc4 d2 52.Rb1 Rxc4 53.Rd1  1-0

[Event "Amplico ch-EUR Rapid"]
[Site "Warsaw POL"]
[Date "2012.12.15"]
[Round "5.32"]
[White "Bezuch,M"]
[Black "Fridman,D"]
[Result "0-1"]
[WhiteElo "2302"]
[BlackElo "2667"]

1.Nf3 d5 2.g3 g6 3.Bg2 Bg7 4.O-O e5 5.d3 Ne7 6.Nbd2 O-O 7.e4 d4 8.Nc4 Nec6
9.a4 Na6 10.Nfd2 Be6 11.f4 exf4 12.gxf4 f5 13.exf5 Bxf5 14.Nf3 Nab4 15.a5 a6
16.Nfe5 Nxe5 17.fxe5 Nd5 18.Bd2 Rb8 19.Qf3 c6 20.Qg3 Qe7 21.Rae1 Be6 22.h4 Nb4
23.Bg5 Qc5 24.h5 Bxc4 25.dxc4 Nxc2 26.hxg6 d3+ 27.Kh1 h6 28.Bf6 Nxe1 29.Rxe1 d2
30.Rd1 Bxf6 31.exf6 Qh5+ 32.Bh3 Qxd1+ 33.Kh2 Qe2+ 34.Bg2  0-1